Rozvoj cestovného ruchu v regióne diplomová práca

Saved in:
Bibliographic Details
Main Author: Klenová, Dominika
Corporate Author: Obchodná fakulta EU. Katedra služieb a cestovného ruchu - zrušené
Other Authors: Plesník, Pavol, 1956-
Format: Book
Language:Slovak
Published: Bratislava 2011
Tags: Add Tag
No Tags, Be the first to tag this record!

MARC

LEADER 00000nbm a2200000 4500
001 0140402
005 20161109101932.2
041 0 |a slo 
044 |a SK 
245 1 0 |a Rozvoj cestovného ruchu v regióne  |b diplomová práca  |c Dominika Klenová ; školiteľ: Pavol Plesník 
264 1 |a Bratislava  |c 2011 
300 |a 108 s. 
100 1 |a Klenová, Dominika 
700 1 |a Plesník, Pavol, 1956- 
710 2 |a Obchodná fakulta EU. Katedra služieb a cestovného ruchu - zrušené